| 000 | 02043nam a2200601 i 4500 | ||
|---|---|---|---|
| 001 | 35664 | ||
| 003 | KOSZ 005 | ||
| 005 | 20240405063112.0 | ||
| 008 | 231016s1994 pl a g 001 0 pol | ||
| 015 | _aUWD 1997/7755 | ||
| 020 | _a8390053942 | ||
| 035 | _a991004913749705066 | ||
| 035 | _a(PL-WaBN)b11292313-48omnis_nlop | ||
| 035 | _ab11292313 | ||
| 035 | _a(OCoLC)69596810 | ||
| 035 | _a(PL)b0000001129231 | ||
| 035 | _a(EXLNZ-48OMNIS_NETWORK)9910382909005606 | ||
| 040 |
_aWA N _cWA N _dKOSZ 005/RW |
||
| 045 |
_bd1939 _bd1980 |
||
| 046 | _k1994 | ||
| 080 | _a94(438).082 | ||
| 080 | _a94(438).082.218 | ||
| 080 | _a94(438).083 | ||
| 080 | _a929-051(438) | ||
| 100 | 1 |
_aZabłocki, Jerzy _d(1927-1993) _eAutor |
|
| 245 | 1 | 0 |
_a"Jerzyki" z "Miotłą" w tarczy / _cJerzy Zabłocki "Igor". |
| 246 | 1 | 4 | _aPOS "Jerzyki" z "Miotłą" w tarczy |
| 260 |
_aWarszawa : _b"Efekt", _c1994. |
||
| 300 |
_a257, [1] stron, [37] stron tablic : _bfaksy, fotografie, plany, portrety ; _c23 cm. |
||
| 336 |
_aTekst _btxt _2rdacontent |
||
| 337 |
_aBez urządzenia pośredniczącego _bn _2rdamedia |
||
| 338 |
_aWolumin _bnc _2rdacarrier |
||
| 380 | _aKsiążki | ||
| 380 | _aLiteratura faktu, eseje, publicystyka | ||
| 388 | 1 | _a1901-2000 | |
| 388 | 1 | _a1989-2000 | |
| 500 | _aPseudonim autora "Igor". | ||
| 504 | _aBibliografia na stronie 257. Indeks. | ||
| 600 | 1 | 7 |
_aZabłocki, Jerzy _d(1916-1999) _2DBN |
| 610 | 2 | 7 |
_aPowstańcze Oddziały Specjalne "Jerzyki" _2DBN |
| 648 | 7 |
_a1901-2000 _2DBN |
|
| 648 | 7 |
_a1939-1945 _2DBN |
|
| 650 | 7 |
_aII wojna światowa (1939-1945) _2DBN |
|
| 650 | 7 |
_aPowstanie warszawskie (1944) _2DBN |
|
| 651 | 7 | _aPolska | |
| 655 | 7 |
_aPamiętniki polskie _2DBN |
|
| 658 | _aBezpieczeństwo i wojskowość | ||
| 658 | _aHistoria | ||
| 710 | 2 |
_aEfekt _4pbl |
|
| 856 |
_uhttp://koha.tu.koszalin.pl/cgi-bin/koha/opac-detail.pl?biblionumber=35664 _yKatalog online BPK |
||
| 942 |
_2UKD _cKS |
||
| 999 |
_c35664 _d35664 |
||